[Event "SVK-chT1E 1920"]
[Site "Slovakia"]
[Date "2019.11.10"]
[Round "4.2"]
[White "Bunda, Viktor"]
[Black "Omelja, Artem"]
[Result "0-1"]
[WhiteElo "2262"]
[BlackElo "2442"]
[PlyCount "86"]
[EventDate "2019.10.12"]
[EventType "team-tourn"]
[EventRounds "11"]
[EventCountry "SVK"]
[SourceTitle "CBM 193 Extra"]
[Source "ChessBase"]
[SourceDate "2020.01.31"]
[SourceVersion "1"]
[SourceVersionDate "2020.01.31"]
[SourceQuality "1"]
[WhiteTeam "Michalovce Zemplin"]
[BlackTeam "Dunajov Inbest II"]
[WhiteTeamCountry "SVK"]
[BlackTeamCountry "SVK"]

1. d4 Nf6 2. c4 e6 3. g3 Bb4+ 4. Bd2 Be7 5. Bg2 d5 6. Nf3 0-0 7. 0-0 Nbd7 8. Qc2 c6 9. Rd1 a5 10. b3 Ne4 11. Be1 f5 12. e3 Bd6 13. Nc3 g5 14. cxd5 exd5 15. Ne2 Qe7 16. Nc1 f4 17. exf4 gxf4 18. Nd3 Ng5 19. Nxg5 Qxg5 20. Bd2 Qg6 21. Rac1 fxg3 22. hxg3 Nf6 23. Bf4 Ba3 24. Ne5 Qh5 25. Ra1 Ng4 26. Nxg4 Bxg4 27. Re1 Rxf4 28. gxf4 Bd6 29. Re5 Bxe5 30. fxe5 Rf8 31. Re1 Bf3 32. Bxf3 Rxf3 33. Re3 Qg4+ 34. Kf1 Qh3+ 35. Kg1 Rxe3 36. fxe3 Qxe3+ 37. Kh2 Qh6+ 38. Kg3 Qg6+ 39. Qxg6+ hxg6 40. a3 Kf7 41. b4 b6 42. Kg4 Ke6 43. Kf4 a4 0-1

[Event "SVK-chT1E 1920"]
[Site "Slovakia"]
[Date "2019.11.09"]
[Round "3.2"]
[White "Slivka, David"]
[Black "Bunda, Viktor"]
[Result "0-1"]
[WhiteElo "1927"]
[BlackElo "2262"]
[PlyCount "76"]
[EventDate "2019.10.12"]
[EventType "team-tourn"]
[EventRounds "11"]
[EventCountry "SVK"]
[SourceTitle "CBM 193 Extra"]
[Source "ChessBase"]
[SourceDate "2020.01.31"]
[SourceVersion "1"]
[SourceVersionDate "2020.01.31"]
[SourceQuality "1"]
[WhiteTeam "Kysucke Nove Mesto"]
[BlackTeam "Michalovce Zemplin"]
[WhiteTeamCountry "SVK"]
[BlackTeamCountry "SVK"]

1. d4 d5 2. c4 e6 3. Nc3 Be7 4. Nf3 Nf6 5. cxd5 exd5 6. Qc2 0-0 7. Bg5 g6 8. e3 Bf5 9. Qb3 Nbd7 10. Bh6 Re8 11. Be2 c5 12. Nxd5 Nxd5 13. Qxd5 Be6 14. Qe4 Qa5+ 15. Kf1 Bf5 16. Qd5 Be6 17. Qe4 c4 18. h4 Bd6 19. h5 Bf5 20. Qh4 Re4 21. Bf4 Bxf4 22. exf4 Rxe2 23. hxg6 Bxg6 24. Kxe2 Bd3+ 25. Kd1 Qa4+ 26. Ke1 Re8+ 27. Ne5 Nxe5 28. fxe5 Qb4+ 29. Kd1 Qxb2 30. Qg4+ Kf8 31. Rc1 c3 32. Rxc3 Qxc3 33. f4 Qxd4 34. Qg5 Qa1+ 35. Kd2 Qxh1 36. Qf6 Qxg2+ 37. Ke3 Qe2+ 38. Kd4 Qe4+ 0-1

[Event "SVK-chT1E 1819"]
[Site "Slovakia"]
[Date "2019.02.23"]
[Round "8.2"]
[White "Bunda, Viktor"]
[Black "Hagara, Martin"]
[Result "0-1"]
[WhiteElo "2269"]
[BlackElo "2140"]
[PlyCount "136"]
[EventDate "2018.10.27"]
[EventType "team-tourn"]
[EventRounds "11"]
[EventCountry "SVK"]
[SourceTitle "CBM 189 Extra"]
[Source "ChessBase"]
[SourceDate "2019.06.03"]
[SourceVersion "1"]
[SourceVersionDate "2019.06.03"]
[SourceQuality "1"]
[WhiteTeam "Michalovce Zemplin"]
[BlackTeam "Kezmarok"]
[WhiteTeamCountry "SVK"]
[BlackTeamCountry "SVK"]

1. d4 d5 2. c4 c6 3. Nf3 Nf6 4. Nc3 dxc4 5. a4 Bf5 6. Ne5 e6 7. f3 Bb4 8. Kf2 Nbd7 9. e4 Bxc3 10. exf5 Nxe5 11. bxc3 c5 12. fxe6 cxd4 13. Bf4 Ng6 14. exf7+ Kf8 15. Qc1 d3 16. Rb1 b6 17. g3 Kxf7 18. Bh3 Re8 19. Re1 Rxe1 20. Qxe1 Nxf4 21. gxf4 Qd6 22. Qe5 Qxe5 23. fxe5 Nd5 24. Ke1 Re8 25. e6+ Kf6 26. Rb5 Rd8 27. Kd2 Rd6 28. f4 a6 29. Rb1 Nxf4 30. Bg4 Nxe6 31. Rb4 Nc5 32. Rxc4 Ke5 33. Bd1 a5 34. Ke3 Rg6 35. Rh4 Rg1 36. Bf3 Rc1 37. Rxh7 Rxc3 38. Rh5+ Kf6 39. Bd1 Rc4 40. Rd5 Re4+ 41. Kd2 Rb4 42. h4 Ke6 43. Rh5 Nxa4 44. Bxa4 Rxa4 45. Kxd3 Kd6 46. Kc3 Rg4 47. Kb3 Kc6 48. Ka3 b5 49. Kb2 g6 50. Re5 Kd6 51. Re8 Rxh4 52. Ra8 Kc5 53. Rxa5 Kb4 54. Ra6 Rh2+ 55. Kc1 Rg2 56. Rb6 Kc3 57. Rc6+ Kb3 58. Rb6 b4 59. Ra6 Rg1+ 60. Kd2 Kb2 61. Rb6 b3 62. Ra6 Rg5 63. Rd6 Ra5 64. Rxg6 Ka2 65. Kc3 b2 66. Rg2 Rc5+ 67. Kb4 Rc8 68. Ka4 Ka1 0-1

[Event "SVK-chT1E 1819"]
[Site "Slovakia"]
[Date "2019.01.12"]
[Round "5.2"]
[White "Sepesi, Samuel"]
[Black "Bunda, Viktor"]
[Result "0-1"]
[WhiteElo "2211"]
[BlackElo "2277"]
[PlyCount "64"]
[EventDate "2018.10.27"]
[EventType "team-tourn"]
[EventRounds "11"]
[EventCountry "SVK"]
[SourceTitle "CBM 188 Extra"]
[Source "ChessBase"]
[SourceDate "2019.02.26"]
[SourceVersion "1"]
[SourceVersionDate "2019.02.26"]
[SourceQuality "1"]
[WhiteTeam "Kosice 1 CC"]
[BlackTeam "Michalovce Zemplin"]
[WhiteTeamCountry "SVK"]
[BlackTeamCountry "SVK"]

1. e4 e5 2. Nf3 Nc6 3. d4 exd4 4. Nxd4 Nf6 5. Nxc6 bxc6 6. Qe2 Bc5 7. e5 Nd5 8. c4 Ne7 9. Bg5 h6 10. Bh4 g5 11. Bg3 Nf5 12. Qe4 Nxg3 13. hxg3 Qe7 14. Bd3 Rb8 15. b3 d5 16. cxd5 cxd5 17. Qxd5 Bb7 18. Qc4 Bxg2 19. Rg1 Qxe5+ 20. Kd1 Bf3+ 21. Kc1 Ba3+ 22. Nxa3 Qxa1+ 23. Bb1 Qe5 24. Qd3 Bd5 25. Nc2 Be6 26. Re1 Qf6 27. Nd4 Rb6 28. Qe4 Kf8 29. f4 c5 30. f5 Qxd4 31. fxe6 Qc3+ 32. Bc2 Rxe6 0-1

[Event "Kosice Kotan Memorial"]
[Site "Kosice"]
[Date "2018.07.23"]
[Round "4"]
[White "Juhar, Roman"]
[Black "Bunda, Viktor"]
[Result "1/2-1/2"]
[WhiteElo "2217"]
[BlackElo "2283"]
[PlyCount "31"]
[EventDate "2018.07.21"]
[EventType "swiss"]
[EventRounds "9"]
[EventCountry "SVK"]
[SourceTitle "CBM 185 Extra"]
[Source "ChessBase"]
[SourceDate "2018.07.29"]
[SourceVersion "1"]
[SourceVersionDate "2018.07.29"]
[SourceQuality "1"]

1. f4 Nf6 2. Nf3 g6 3. b3 Bg7 4. Bb2 0-0 5. e3 d6 6. Be2 Nc6 7. 0-0 e5 8. fxe5 Ng4 9. Na3 dxe5 10. h3 Nh6 11. e4 Re8 12. Bb5 Bd7 13. d3 a6 14. Bxc6 Bxc6 15. Nc4 f6 16. Na5 1/2-1/2

[Event "Oberliga Ost-B 1718"]
[Site "Germany"]
[Date "2018.03.18"]
[Round "9.6"]
[White "Kayser, Felix"]
[Black "Bunda, Viktor"]
[Result "1-0"]
[WhiteElo "2149"]
[BlackElo "2305"]
[PlyCount "83"]
[EventDate "2017.10.22"]
[EventType "team-tourn"]
[EventRounds "11"]
[EventCountry "GER"]
[SourceTitle "EXT 2019"]
[Source "ChessBase"]
[SourceDate "2018.10.10"]
[SourceVersion "1"]
[SourceVersionDate "2018.10.10"]
[SourceQuality "1"]
[WhiteTeam "Wiesbaden"]
[BlackTeam "Kassel"]
[WhiteTeamCountry "GER"]
[BlackTeamCountry "GER"]

1. e4 g6 2. Nf3 Bg7 3. d4 d6 4. Bd3 Nf6 5. h3 0-0 6. Be3 Nc6 7. c3 e5 8. d5 Nb8 9. Qd2 c6 10. c4 cxd5 11. cxd5 Nbd7 12. Nc3 Nc5 13. Bc2 a5 14. 0-0 b6 15. a3 a4 16. Rfc1 Bd7 17. Ne1 Nh5 18. Nd3 f5 19. Nxc5 bxc5 20. Bg5 Qe8 21. Rcb1 f4 22. f3 h6 23. Bh4 g5 24. Bf2 Nf6 25. b3 axb3 26. Rxb3 h5 27. Rb6 g4 28. Rxd6 gxf3 29. gxf3 Bxh3 30. Bxc5 Qg6+ 31. Kh1 Rfc8 32. Rc6 h4 33. Rg1 Qh5 34. Qf2 Kh8 35. Be7 Nh7 36. Bd1 Bd7 37. Rcg6 Rxc3 38. Rxg7 h3 39. Bd6 h2 40. Qxh2 Bh3 41. Bxe5 Qxe5 42. Rxh7+ 1-0

[Event "SVK-chT1E 1718"]
[Site "Slovakia"]
[Date "2018.02.18"]
[Round "9.2"]
[White "Kantorik, Marian"]
[Black "Bunda, Viktor"]
[Result "1/2-1/2"]
[WhiteElo "2298"]
[BlackElo "2299"]
[PlyCount "26"]
[EventDate "2017.10.21"]
[EventType "team-tourn"]
[EventRounds "11"]
[EventCountry "SVK"]
[SourceTitle "EXT 2019"]
[Source "ChessBase"]
[SourceDate "2018.10.10"]
[SourceVersion "1"]
[SourceVersionDate "2018.10.10"]
[SourceQuality "1"]
[WhiteTeam "Kysucke Nove Mesto"]
[BlackTeam "Michalovce Zemplin"]
[WhiteTeamCountry "SVK"]
[BlackTeamCountry "SVK"]

1. d4 Nf6 2. c4 g6 3. Nc3 Bg7 4. e4 d6 5. f4 c5 6. d5 0-0 7. Nf3 e6 8. Be2 exd5 9. cxd5 Nbd7 10. 0-0 Re8 11. Nd2 c4 12. Kh1 Nc5 13. Qc2 Nfxe4 1/2-1/2

[Event "SVK-chT1E 1718"]
[Site "Slovakia"]
[Date "2018.02.17"]
[Round "8.2"]
[White "Bunda, Viktor"]
[Black "Jurcik, Marian"]
[Result "1/2-1/2"]
[WhiteElo "2299"]
[BlackElo "2473"]
[PlyCount "121"]
[EventDate "2017.10.21"]
[EventType "team-tourn"]
[EventRounds "11"]
[EventCountry "SVK"]
[SourceTitle "EXT 2019"]
[Source "ChessBase"]
[SourceDate "2018.10.10"]
[SourceVersion "1"]
[SourceVersionDate "2018.10.10"]
[SourceQuality "1"]
[WhiteTeam "Michalovce Zemplin"]
[BlackTeam "Zilina Mladost"]
[WhiteTeamCountry "SVK"]
[BlackTeamCountry "SVK"]

1. d4 Nf6 2. c4 e6 3. g3 Bb4+ 4. Bd2 Qe7 5. Nf3 Nc6 6. Nc3 Bxc3 7. Bxc3 Ne4 8. Rc1 0-0 9. Bg2 d6 10. 0-0 Nxc3 11. Rxc3 e5 12. d5 Nb8 13. Qc2 a5 14. c5 Na6 15. cxd6 cxd6 16. Nd2 b5 17. a4 Bd7 18. axb5 Bxb5 19. Nc4 Bxc4 20. Rxc4 Ra7 21. Rc1 Nc5 22. b4 axb4 23. Rxb4 g6 24. Rcb1 Kg7 25. Qd2 Rfa8 26. h4 h5 27. Kh2 Qf6 28. f4 Ra2 29. R1b2 R2a3 30. fxe5 Qxe5 31. Qd4 Qxd4 32. Rxd4 Ra2 33. Rdd2 Rxb2 34. Rxb2 Kf6 35. Bf3 Nd7 36. Rb4 Ra6 37. Kg2 Ne5 38. Rf4+ Ke7 39. Rb4 Ra5 40. Rd4 Rc5 41. Kf2 Rc4 42. Rxc4 Nxc4 43. e4 Kf6 44. Be2 Nb6 45. Bb5 Na8 46. Ke3 Nc7 47. Bc6 Ke5 48. Kf3 Na6 49. Be8 Kf6 50. Kf4 Nc5 51. Bb5 Nb7 52. Be2 Nd8 53. Ba6 Kg7 54. e5 dxe5+ 55. Kxe5 f6+ 56. Kd6 Nf7+ 57. Ke7 g5 58. hxg5 fxg5 59. d6 Nxd6 60. Kxd6 g4 61. Ke5 1/2-1/2

[Event "SVK-chT1E 1718"]
[Site "Slovakia"]
[Date "2017.10.22"]
[Round "2.1"]
[White "Tropp, Oliver"]
[Black "Bunda, Viktor"]
[Result "1/2-1/2"]
[WhiteElo "2198"]
[BlackElo "2299"]
[PlyCount "123"]
[EventDate "2017.10.21"]
[EventType "team-tourn"]
[EventRounds "11"]
[EventCountry "SVK"]
[SourceTitle "CBM 181 Extra"]
[Source "ChessBase"]
[SourceDate "2017.12.12"]
[SourceVersion "1"]
[SourceVersionDate "2017.12.12"]
[SourceQuality "1"]
[WhiteTeam "Kezmarok"]
[BlackTeam "Michalovce Zemplin"]
[WhiteTeamCountry "SVK"]
[BlackTeamCountry "SVK"]

1. e4 e5 2. Nf3 Nc6 3. Be2 Nf6 4. d3 d5 5. Nbd2 Be7 6. 0-0 0-0 7. c3 a5 8. Re1 Re8 9. Bf1 Bf8 10. g3 a4 11. Qc2 h6 12. Bg2 dxe4 13. dxe4 Be6 14. Bf1 Bc5 15. Bb5 Ng4 16. Re2 Qe7 17. Nf1 Red8 18. Be3 Nxe3 19. Nxe3 Qf6 20. Nh4 a3 21. b4 Bf8 22. Bc4 Ne7 23. Rd1 Rxd1+ 24. Qxd1 Bxc4 25. Nxc4 g5 26. Ng2 Qe6 27. Nge3 c6 28. Nb6 Re8 29. Rd2 Nc8 30. Nbc4 b5 31. Na5 Nd6 32. f3 Rc8 33. Qc1 Qe7 34. Qxa3 Qa7 35. Kf2 g4 36. Nac4 Qxa3 37. Nxa3 gxf3 38. Kxf3 Ra8 39. Nb1 Re8 40. Nf5 Nxf5 41. exf5 e4+ 42. Ke2 h5 43. h3 Kg7 44. Rd7 Kf6 45. Rc7 Kxf5 46. Rxf7+ Kg6 47. Rd7 Re6 48. Nd2 Bg7 49. c4 e3 50. Nf3 bxc4 51. Nh4+ Kf6 52. Rd4 c3 53. Rc4 Kf7 54. Nf5 Bf6 55. Nxe3 c2 56. Kd3 Rxe3+ 57. Kxe3 Bg5+ 58. Kd4 c1Q 59. Rxc1 Bxc1 60. Kc5 Ba3 61. Kxc6 Bxb4 62. Kd5 1/2-1/2

[Event "HUN-chT2 Barcza 1718"]
[Site "Hungary"]
[Date "2017.10.08"]
[Round "2.2"]
[White "Bunda, Viktor"]
[Black "Borsavolgyi, Tamas"]
[Result "1/2-1/2"]
[WhiteElo "2305"]
[BlackElo "2202"]
[PlyCount "107"]
[EventDate "2017.09.24"]
[EventType "team-tourn"]
[EventRounds "11"]
[EventCountry "HUN"]
[SourceTitle "EXT 2021"]
[Source "ChessBase"]
[SourceDate "2020.10.23"]
[SourceVersion "1"]
[SourceVersionDate "2020.10.23"]
[SourceQuality "1"]
[WhiteTeam "Szirmabesenyo"]
[BlackTeam "Hajduszoboszlo"]
[WhiteTeamCountry "HUN"]
[BlackTeamCountry "HUN"]

1. d4 d5 2. c4 e6 3. Nf3 dxc4 4. e3 c5 5. Bxc4 a6 6. Qe2 Nc6 7. dxc5 Bxc5 8. 0-0 Nf6 9. a3 Qc7 10. Nbd2 Ne5 11. Nxe5 Qxe5 12. e4 Bd7 13. Kh1 Bc6 14. f4 Qh5 15. Qxh5 Nxh5 16. Nb3 Bb6 17. e5 g6 18. Bd2 Rc8 19. Rac1 Ng7 20. Na5 Bxa5 21. Bxa5 Nf5 22. Rfe1 0-0 23. Kg1 Nh4 24. Bf1 Bd5 25. Bb6 h5 26. Red1 Rxc1 27. Rxc1 Nf5 28. g3 f6 29. exf6 Rxf6 30. Rc8+ Rf8 31. Rc3 Re8 32. Bd3 Kf7 33. Kf2 Re7 34. Bc7 Rd7 35. Be5 Ne7 36. Rc7 Rxc7 37. Bxc7 Nf5 38. Be5 Ne7 39. h3 Nf5 40. g4 hxg4 41. hxg4 Nh6 42. Kg3 Bc6 43. Bc3 Bd5 44. Kh4 Bf3 45. Kg5 Nxg4 46. Bxg6+ Ke7 47. Bb4+ Kd8 48. Bc5 Nh2 49. Bg1 Nf1 50. Kf6 Kd7 51. Bd3 Nd2 52. Ke5 Bd5 53. Kf6 Ne4+ 54. Ke5 1/2-1/2

[Event "Lutsk Nebesna Sotnya Memorial rapid"]
[Site "Lutsk"]
[Date "2017.02.18"]
[Round "5"]
[White "Bunda, Viktor"]
[Black "Mirzoev, Emil"]
[Result "0-1"]
[WhiteElo "2309"]
[BlackElo "2446"]
[PlyCount "64"]
[EventDate "2017.02.18"]
[EventType "swiss (rapid)"]
[EventRounds "11"]
[EventCountry "UKR"]
[SourceTitle "CBM 176 Extra"]
[Source "ChessBase"]
[SourceDate "2017.03.02"]
[SourceVersion "1"]
[SourceVersionDate "2017.03.02"]
[SourceQuality "1"]

1. d4 Nf6 2. c4 d6 3. Nf3 g6 4. Nc3 Bf5 5. g3 Bg7 6. Bg2 0-0 7. Nh4 Bc8 8. 0-0 Nc6 9. e3 e5 10. d5 Ne7 11. e4 c5 12. f4 exf4 13. gxf4 Nd7 14. Nf3 a6 15. Re1 Nb6 16. Qd3 Bg4 17. h3 Bxf3 18. Bxf3 Nd7 19. Be3 Nc8 20. Rad1 Re8 21. Bf2 g5 22. f5 b5 23. cxb5 Ne5 24. Qe2 axb5 25. Nxb5 Rxa2 26. Bh5 Rxb2 27. Rd2 Rb4 28. Nc3 Nb6 29. Bg3 Nbc4 30. Rc2 Na3 31. Rcc1 Rb3 32. Qd1 c4 0-1

[Event "Korbach op 8th"]
[Site "Korbach"]
[Date "2016.10.22"]
[Round "4"]
[White "Bunda, Viktor"]
[Black "Krastev, Alexander"]
[Result "1-0"]
[WhiteElo "2329"]
[BlackElo "1937"]
[PlyCount "107"]
[EventDate "2016.10.20"]
[EventType "swiss"]
[EventRounds "7"]
[EventCountry "GER"]
[SourceTitle "CBM 175 Extra"]
[Source "ChessBase"]
[SourceDate "2016.12.12"]
[SourceVersion "1"]
[SourceVersionDate "2016.12.12"]
[SourceQuality "1"]

1. d4 Nf6 2. c4 c5 3. d5 g6 4. Nc3 Bg7 5. e4 d6 6. Bd3 0-0 7. h3 e6 8. Nf3 exd5 9. cxd5 b5 10. Bxb5 Nxe4 11. Nxe4 Qa5+ 12. Nfd2 Qxb5 13. Nxd6 Qa6 14. N2c4 Rd8 15. Qe2 Bf8 16. Bf4 Bb7 17. Rd1 Bxd6 18. Nxd6 Rxd6 19. Qe8+ Kg7 20. Be5+ Rf6 21. Qe7 Bc8 22. g4 h6 23. f4 g5 24. fxg5 hxg5 25. d6 Nd7 26. Bxf6+ Nxf6 27. Rf1 Qa5+ 28. Rd2 Bf5 29. Rxf5 Re8 30. Qxe8 Nxe8 31. d7 Nd6 32. Rfd5 Nb7 33. d8Q Nxd8 34. Rxd8 Qxa2 35. R8d5 Qb1+ 36. Kf2 Qg6 37. Rxc5 Qb6 38. Rdc2 Qf6+ 39. Kg2 Qf4 40. Re2 f6 41. Rf5 Qd4 42. Ref2 Qe4+ 43. Kh2 Qd4 44. Rxf6 Qe5+ 45. Kg2 Qe4+ 46. R6f3 Kg6 47. Rd2 Qc6 48. Re2 Qd5 49. Kf2 Qd4+ 50. Rfe3 Qf4+ 51. Kg2 Qd4 52. Re6+ Kf7 53. Re7+ Kf6 54. R2e6# 1-0

[Event "SVK-chT1E 1415"]
[Site "Slovakia"]
[Date "2015.03.14"]
[Round "10.3"]
[White "Bunda, Viktor"]
[Black "Tropp, Oliver"]
[Result "1/2-1/2"]
[WhiteElo "2337"]
[BlackElo "2003"]
[PlyCount "72"]
[EventDate "2014.10.18"]
[EventType "team-tourn"]
[EventRounds "11"]
[EventCountry "SVK"]
[SourceTitle "EXT 2016"]
[Source "ChessBase"]
[SourceDate "2015.10.08"]
[SourceVersion "1"]
[SourceVersionDate "2015.10.08"]
[SourceQuality "1"]
[WhiteTeam "Michalovce Zemplin"]
[BlackTeam "Liptov Chess School II"]
[WhiteTeamCountry "SVK"]
[BlackTeamCountry "SVK"]

1. d4 Nf6 2. c4 e6 3. g3 Bb4+ 4. Bd2 c5 5. Bxb4 cxb4 6. Bg2 Nc6 7. e4 d6 8. Ne2 0-0 9. 0-0 e5 10. d5 Nb8 11. a3 Na6 12. axb4 Nxb4 13. Qd2 a5 14. Nbc3 b6 15. Nb5 Ba6 16. Nec3 Nd7 17. Ra3 Nc5 18. f4 f6 19. fxe5 fxe5 20. Rxf8+ Qxf8 21. Nc7 Rc8 22. Nxa6 Ncxa6 23. Qe2 Nc5 24. Nb5 Qe7 25. Rf3 g6 26. Bh3 Rd8 27. Qe3 Kg7 28. Nc3 Nc2 29. Qd2 Nd4 30. Rf1 Rf8 31. Qe3 Rxf1+ 32. Bxf1 Qf6 33. Be2 h5 34. Nd1 Nc2 35. Qd2 Nd4 36. Qe3 Nc2 1/2-1/2